000 00205 a2200097 4500
001 38449
100 _aHolman J.P
245 _aThermodynamics
260 _aTokyo
_bMcGraw H
_c1974
090 _c24435
_d24435
942 _aNUST-CAE
_cM
_c16042
999 _c273522
_d273522